| Tag |
First Indicator |
Second Indicator |
Subfields |
| LEADER |
00000cam a2200000 a 4500 |
| 001 |
in00000023980 |
| 005 |
20151007055610.0 |
| 008 |
880518s1988 enkc b 00100 eng d |
| 010 |
|
|
|a gb 88002018
|z 87-24771
|
| 015 |
|
|
|a GB88-2018
|
| 020 |
|
|
|a 0198128339 :
|c £30.00
|
| 035 |
|
|
|a (OCoLC)17232333
|
| 035 |
|
|
|9 AAB8680AM
|
| 040 |
|
|
|a UKM
|c UKM
|d TXA
|d UtOrBLW
|
| 049 |
|
|
|a TXAM
|c [A11532897]
|
| 050 |
1 |
0 |
|a PR3332
|
| 050 |
|
4 |
|a PR3332
|b .J63 1988
|
| 082 |
0 |
|
|a 828/.408
|2 19
|
| 245 |
0 |
0 |
|a John Bunyan :
|b conventicle and Parnassus : tercentenary essays /
|c edited by N.H. Keeble.
|
| 264 |
|
1 |
|a Oxford :
|b Clarendon Press,
|c 1988.
|
| 300 |
|
|
|a x, 278 pages :
|b 1 portrait ;
|c 22 cm.
|
| 336 |
|
|
|a text
|b txt
|2 rdacontent
|
| 337 |
|
|
|a unmediated
|b n
|2 rdamedia
|
| 338 |
|
|
|a volume
|b nc
|2 rdacarrier
|
| 504 |
|
|
|a Bibliography: pages [265]-270.
|
| 500 |
|
|
|a Includes index.
|
| 600 |
1 |
0 |
|a Bunyan, John,
|d 1628-1688
|x Criticism and interpretation.
|
| 700 |
1 |
|
|a Keeble, N. H.
|
| 999 |
|
|
|a MARS
|
| 999 |
f |
f |
|s 822f10c6-c743-3b1e-97c9-3b39674c8b9a
|i 833af974-dab4-37a9-9487-1b3cf2f9a5f5
|t 0
|
| 952 |
f |
f |
|p normal
|a Texas A&M University
|b College Station
|c Sterling C. Evans Library
|d Evans: Library Stacks
|t 0
|e PR3332 .J63 1988
|h Library of Congress classification
|i unmediated -- volume
|m A14811532897
|
| 998 |
f |
f |
|a PR3332 .J63 1988
|t 0
|l Evans: Library Stacks
|